|
|
|
|
| LEADER |
00608cam a2200169 7i4500 |
| 001 |
0000025553 |
| 005 |
20110110090000.0 |
| 090 |
0 |
0 |
|a MAT 641.3
|b MAL
|
| 110 |
2 |
0 |
|a Malaysia External Trade Development Corporation (MATRADE)
|
| 245 |
2 |
0 |
|a Thailand's market for food and beverage.
|
| 260 |
0 |
0 |
|a Bangkok:
|b MATRADE Bangkok,
|c 2010.
|
| 300 |
# |
# |
|a 56 p.
|
| 440 |
0 |
0 |
|a Product market study : 2010
|
| 650 |
0 |
0 |
|a Food industry and trade --
|x Markets --
|z Thailand
|
| 650 |
0 |
0 |
|a Beverage industry and trade --
|x Markets --
|z Thailand
|
| 651 |
0 |
0 |
|a Thailand
|
| 999 |
|
|
|a 0000027945
|b Book
|c MATRADEs Collection
|e Business Information Centre
|